000 00337nam a2200133Ia 4500
008 221030s9999 xx 000 0 und d
041 _aEnglish
100 _aN. D Bhatt
245 0 _aEngineering Drawing : Plane & Solid Geometry
_cby N. D Bhatt, Panchal, V. M
260 _c0
650 _aB
700 _aPanchal, V. M
942 _cBK
999 _c13940
_d13940